| 000 | 00348 a2200109 4500 | ||
|---|---|---|---|
| 001 | ART_18815 | ||
| 005 | 20260410161920.0 | ||
| 008 | 260409a | ||
| 245 | 1 | 0 | _aEl impuesto provincial a los ingresos brutos sobre exportaciones |
| 100 | 1 | _aJarach, Dino | |
| 773 | 0 |
_tLa información _g- Tomo XXXVIII, Nº 584 (ago. 1978) _wREV14902 |
|
| 999 |
_c27634 _d27634 |
||